Paris-Princeton lectures on mathematical finance 2002
Saved in:
| Corporate Author: | |
|---|---|
| Other Authors: | , |
| Format: | Book |
| Language: | English |
| Published: |
Berlin :
Springer,
c2003
|
| Series: | Lecture notes in mathematics (Springer-Verlag)
; 1814 |
| Subjects: | |
| Tags: |
Add Tag
No Tags, Be the first to tag this record!
|
MARC
| LEADER | 00000nam a2200000 i 4500 | ||
|---|---|---|---|
| 001 | 1/68687 | ||
| 008 | 041209s2003 eng d | ||
| 020 | |a 3540401938 | ||
| 035 | |l 10075824 | ||
| 040 | |a GR-MY-UA |b gre |e aacr | ||
| 041 | 0 | |a eng | |
| 082 | 0 | |a 332.0151 |2 (21) | |
| 110 | 2 | |a Paris-Princeton Lectures on Mathematical Finance. | |
| 245 | 1 | 0 | |a Paris-Princeton lectures on mathematical finance 2002 / |c Peter Bank ... [et al.] ; editorial committe, R.A. Carmona ... [et al.]. |
| 260 | |a Berlin : |b Springer, |c c2003 | ||
| 300 | |a x, 172 σ.; |c 24 εκ. | ||
| 490 | 1 | |a Lecture notes in mathematics |v ; 1814 |x 0075-8434 | |
| 504 | |a Περιέχει βιβλιογραφικές αναφορές | ||
| 650 | 0 | 0 | |a Business mathematics |x Congresses. |
| 700 | 1 | |a Bank, Peter |d 1971- | |
| 700 | 1 | |a Carmona, R. |q (Rene) |4 edt | |
| 830 | 0 | |a Lecture notes in mathematics (Springer-Verlag) |v ; 1814 |x 0075-8434 | |
| 852 | |a INST |b SAMOS |e 20041209 |h 332.0151 PAR |p 005300022535 |q 005300022535 |t BK |y 0 | ||
| 901 | |a BIBL3-2004-3 | ||
| 909 | |a Σ |b 114157 | ||
| 920 | |a ΔΙΕΥΡΥΝΣΗ |b ΕΠΕΑΕΚ-ΤΣΑΕ |y ΣΑΜΟΣ |z 2004-10 | ||
| 970 | |a ΠΟΥΡΝΑΡΑΣ |b ΔΗΜΗΤΡΗΣ |z 2004/12/09 | ||